Les dépenses publiques pour l'enseignement universitaire et le taux de rendement fiscal: le cas de la France.

Ekonómia vzdelania. Rentabilita a finančná návratnosť nákladov na vzdelanie. Odhad finančnej návratnosti univerzitného vzdelania vo Francúzsku. Rozbor nákladov na vzdelanie: podiel štátnych a súkromných dotácií. Formy štátnej pomoci študentom - dotácie na stravovanie, ubytovanie a kultúru.

Na minha lista:
Detalhes bibliográficos
Autor principal: Perrot, J.
Formato: Capítulo de Livro
Idioma:francês
Assuntos:
Tags: Adicionar Tag
Sem tags, seja o primeiro a adicionar uma tag!

MARC

LEADER 00000naa a2200000 4500
001 r006706
005 20221125091720.0
041 0 |a fre 
044 |a FR 
245 1 0 |a Les dépenses publiques pour l'enseignement universitaire et le taux de rendement fiscal: le cas de la France.  |c J. Perrot 
520 |a Ekonómia vzdelania. Rentabilita a finančná návratnosť nákladov na vzdelanie. Odhad finančnej návratnosti univerzitného vzdelania vo Francúzsku. Rozbor nákladov na vzdelanie: podiel štátnych a súkromných dotácií. Formy štátnej pomoci študentom - dotácie na stravovanie, ubytovanie a kultúru. 
610 2 0 |a vzdelanie vysokoškolské 
610 2 0 |a financovanie 
610 2 0 |a Francúzsko 
610 2 0 |a dotácie 
610 2 0 |a náklady na vzdelanie 
610 2 0 |a univerzity 
610 2 0 |a študenti 
100 1 |a Perrot, J.